[Event "XXVI Weekend Open FIDE"]
[Site "Robecchetto con Induno ITA"]
[Date "2015.07.25"]
[Round "3"]
[White "Vignati, Andrea"]
[Black "Colombo, Emanuele"]
[WhiteElo "1524"]
[BlackElo "1560"]
[Result "1-0"]
[PlyCount "149"]
[EventDate "2015.07.24"]

1. e4 e6 2. d4 d5 3. exd5 exd5 4. Nc3 Nf6 5. Nf3 Bb4 6. Bd3 O-O 7. O-O Bg4 8.
h3 Bh5 9. Bg5 c6 10. Be2 Nbd7 11. Ne5 Bxe2 12. Nxe2 Be7 13. Ng3 Nxe5 14. dxe5
Nd7 15. Bxe7 Qxe7 16. Re1 Qg5 17. Qg4 Qxg4 18. hxg4 Rae8 19. f4 g5 20. fxg5
Nxe5 21. Nf5 Nxg4 22. Nd6 Re6 23. Rxe6 fxe6 24. Nxb7 Rf5 25. Nd8 e5 26. Nxc6
Kf7 27. Rf1 Rxf1+ 28. Kxf1 Kg6 29. Ke2 Kxg5 30. Nxa7 d4 31. Nc6 Kf4 32. a4 Ne3
33. a5 Nc4 34. a6 Ke4 35. a7 Nb6 36. Ne7 Na8 37. g3 Nb6 38. b4 Na8 39. b5 h5
40. Kf2 d3 41. cxd3+ Kd4 42. Nc8 Kc5 43. b6 Kc6 44. Kf3 Kb7 45. Nd6+ Kxb6 46.
Nc4+ Kxa7 47. Nxe5 Nc7 48. Nd7 Ne6 49. Nf6 Ng7 50. Kf4 Kb6 51. Kg5 Kc5 52. Nxh5
Ne6+ 53. Kf5 Nd4+ 54. Ke4 Ne6 55. Nf4 Ng5+ 56. Kf5 Nf7 57. g4 Nh6+ 58. Kg5 Nf7+
59. Kf6 Nd6 60. Ne6+ Kd5 61. g5 Ne8+ 62. Ke7 Nd6 63. g6 Ke5 64. d4+ Kd5 65.
Nf4+ Kc6 66. g7 Nf5+ 67. Kf6 Nxg7 68. Kxg7 Kd6 69. Kf6 Kd7 70. Ke5 Ke7 71. d5
Kd7 72. d6 Kd8 73. Ke6 Ke8 74. Ng6 Kd8 75. d7 1-0

[Event "XXVI Weekend Open FIDE"]
[Site "Robecchetto con Induno ITA"]
[Date "2015.07.26"]
[Round "4"]
[White "Castoldi, Andrea"]
[Black "Colombo, Ernesto"]
[WhiteElo "1392"]
[BlackElo "1667"]
[Result "1/2-1/2"]
[PlyCount "47"]
[EventDate "2015.07.24"]

1. e4 e6 2. d4 d5 3. exd5 exd5 4. Bd3 Nf6 5. Nf3 Be7 6. O-O O-O 7. Re1 Bg4 8.
h3 Bh5 9. Bg5 Re8 10. Nbd2 Nbd7 11. c3 c5 12. Qa4 c4 13. Bf5 Nb6 14. Qd1 Bg6
15. Bxg6 fxg6 16. Ne5 Nbd7 17. Nxd7 Qxd7 18. Nf3 Bd6 19. Ne5 Qf5 20. Bxf6 gxf6
21. Nf3 Kf7 22. Kf1 h5 23. Rxe8 Rxe8 24. Qa4 1/2-1/2

[Event "XXVI Weekend Open FIDE"]
[Site "Robecchetto con Induno ITA"]
[Date "2015.07.26"]
[Round "4"]
[White "Ciochetta, Giovanni"]
[Black "Panigoni, Giuseppe"]
[WhiteElo "1591"]
[BlackElo "1722"]
[Result "1-0"]
[PlyCount "105"]
[EventDate "2015.07.24"]

1. e4 e5 2. Nf3 Nc6 3. Bc4 Bc5 4. O-O Nf6 5. d3 d6 6. Be3 Bb6 7. Nc3 O-O 8. Nd5
Bxe3 9. fxe3 Na5 10. Nxf6+ Qxf6 11. Nd2 Qg6 12. Qf3 Nxc4 13. Nxc4 Be6 14. Nd2
c6 15. b3 Rad8 16. Rf2 f5 17. Qg3 Qxg3 18. hxg3 fxe4 19. Rxf8+ Rxf8 20. Nxe4 d5
21. Nc5 Bc8 22. Rf1 b6 23. Na4 Bg4 24. c4 d4 25. exd4 exd4 26. Rf4 Rxf4 27.
gxf4 Be2 28. Nb2 h5 29. Kf2 Bg4 30. b4 Kf7 31. Kg3 Ke6 32. Kf2 h4 33. g3 h3 34.
Kg1 Kd6 35. a4 a6 36. Kf2 Ke6 37. Kg1 Kf5 38. Kf2 g5 39. fxg5 Kxg5 40. Kg1 Bf3
41. Kh2 Kg4 42. b5 axb5 43. c5 bxa4 44. cxb6 c5 45. Nxa4 c4 46. dxc4 d3 47. Nc3
Bc6 48. Nd1 Kf3 49. Kxh3 Ke2 50. Nb2 d2 51. g4 Ke3 52. g5 Kd4 53. g6 1-0

[Event "XXVI Weekend Open FIDE"]
[Site "Robecchetto con Induno ITA"]
[Date "2015.07.26"]
[Round "4"]
[White "Colombo, Emanuele"]
[Black "Neri, Massimo"]
[WhiteElo "1560"]
[BlackElo "1711"]
[Result "1/2-1/2"]
[PlyCount "43"]
[EventDate "2015.07.24"]

1. e4 d5 2. exd5 Qxd5 3. Nc3 Qa5 4. d4 Nf6 5. Bd2 c6 6. Bc4 Bf5 7. Nf3 e6 8.
O-O Qc7 9. h3 Bd6 10. Re1 O-O 11. Nh4 Bg6 12. Nxg6 hxg6 13. Ne4 Nxe4 14. Rxe4
Nd7 15. Qf3 Nf6 16. Rh4 Be7 17. Bg5 Nd5 18. Bxe7 Qxe7 19. Rg4 Nf6 20. Rg3 Nh5
21. Rg4 Nf6 22. Rg3 1/2-1/2

[Event "XXVI Weekend Open FIDE"]
[Site "Robecchetto con Induno ITA"]
[Date "2015.07.26"]
[Round "4"]
[White "Dini, Marco"]
[Black "Pattano, Antonio"]
[WhiteElo "1440"]
[BlackElo "1263"]
[Result "1-0"]
[PlyCount "111"]
[EventDate "2015.07.24"]

1. d4 d5 2. Nf3 Nc6 3. e3 e6 4. c4 Nf6 5. Nc3 Bb4 6. a3 Bxc3+ 7. bxc3 Ne4 8.
Qc2 O-O 9. Bd3 f5 10. O-O a5 11. a4 b6 12. Ba3 Re8 13. cxd5 Qxd5 14. c4 Qd7 15.
Bxe4 h6 16. Bxc6 Qxc6 17. Ne5 Qe4 18. Qxe4 fxe4 19. f3 Bb7 20. fxe4 Bxe4 21.
Rf7 Rac8 22. Ra2 Bg6 23. Rf4 Bf5 24. g4 Bh7 25. Raf2 c5 26. dxc5 bxc5 27. Rd2
Rf8 28. Rxf8+ Rxf8 29. Bxc5 Re8 30. Bb6 Ra8 31. Nc6 Be4 32. Nxa5 Ra6 33. c5 Bd5
34. Rd4 Kf7 35. e4 Ba8 36. Kf2 Ke7 37. Ke3 g5 38. Nb3 Bc6 39. a5 Bd7 40. Rd6
Ra8 41. e5 Ra6 42. Bd8+ Kxd8 43. Rxa6 Kc7 44. Ra7+ Kd8 45. Rxd7+ Kxd7 46. Kd4
Kc6 47. Kc4 Kc7 48. Kb5 Kb7 49. Nd4 Kb8 50. Nxe6 Kc8 51. Kb6 Kb8 52. a6 Ka8 53.
Nc7+ Kb8 54. a7+ Kc8 55. a8=Q+ Kd7 56. Qe8# 1-0

[Event "XXVI Weekend Open FIDE"]
[Site "Robecchetto con Induno ITA"]
[Date "2015.07.26"]
[Round "4"]
[White "Fantina, Carla"]
[Black "Lo Curto, Andrea"]
[WhiteElo "1314"]
[BlackElo "1620"]
[Result "0-1"]
[PlyCount "202"]
[EventDate "2015.07.24"]

1. c4 e5 2. g3 Nf6 3. Bg2 Bc5 4. Nc3 c6 5. d3 d5 6. Nf3 Ng4 7. O-O Qb6 8. e3 d4
9. Na4 Qa5 10. Nxc5 Qxc5 11. h3 Nf6 12. e4 Be6 13. a3 Nbd7 14. Ng5 Qd6 15. f4
h6 16. Nxe6 Qxe6 17. f5 Qd6 18. b4 a5 19. Bd2 a4 20. Rb1 b6 21. Be1 O-O 22. g4
Rfc8 23. Bh4 Ne8 24. Qf3 f6 25. Rfc1 c5 26. Be1 Rab8 27. Qd1 Qc6 28. b5 Qa8 29.
Bd2 Nd6 30. Qe1 Nf7 31. h4 Rc7 32. Qg3 Kf8 33. Rf1 Rbb7 34. Rf2 Qe8 35. Rbf1
Qa8 36. Qh3 Kg8 37. Rf3 Nf8 38. Qh2 Nh7 39. Qh1 Nh8 40. Rh3 Qe8 41. Rff3 Kf8
42. Rfg3 Nf7 43. Bf3 Qe7 44. Bd1 Ra7 45. Bf3 Ke8 46. Bd1 Kd8 47. Rh2 Kc8 48.
Rgh3 Kb8 49. Qf3 Rc8 50. Bc2 Rg8 51. Rg2 Nh8 52. Qd1 Ra8 53. Bc1 Qa7 54. Bd2
Nf7 55. Qe2 Kc7 56. Qf2 Kd6 57. Qe2 Kd7 58. Qd1 Ke7 59. Qe2 Kd6 60. Bd1 Qe7 61.
Qf2 Nd8 62. Qe1 Nb7 63. Be2 Na5 64. Bxa5 Rxa5 65. Qd2 Raa8 66. Qe1 Qa7 67. Bf3
Qa5 68. Qd1 Qc3 69. Ra2 Qb3 70. Rhh2 Qxd1+ 71. Bxd1 g6 72. Rhg2 Rg7 73. Raf2
Ke7 74. Kh1 Kf7 75. Rh2 gxf5 76. Rxf5 Rag8 77. Rhf2 Ke6 78. Rg2 Nf8 79. Rff2
Ng6 80. Rh2 Nf4 81. Rd2 h5 82. Be2 Nxe2 83. Rdxe2 Rxg4 84. Reg2 Rg3 85. Rxg3
Rxg3 86. Rd2 Rh3+ 87. Kg2 Rxh4 88. Kg3 Rg4+ 89. Kh3 f5 90. exf5+ Kxf5 91. Rf2+
Rf4 92. Rd2 e4 93. dxe4+ Kxe4 94. Re2+ Kd3 95. Re6 Kxc4 96. Rxb6 d3 97. Rd6 Rd4
98. Rxd4+ cxd4 99. b6 d2 100. b7 d1=Q 101. b8=Q Qb3+ 0-1

[Event "XXVI Weekend Open FIDE"]
[Site "Robecchetto con Induno ITA"]
[Date "2015.07.26"]
[Round "4"]
[White "Frignani, Alessandro"]
[Black "Barrera, Pietro"]
[WhiteElo "1403"]
[BlackElo "1839"]
[Result "0-1"]
[PlyCount "72"]
[EventDate "2015.07.24"]

1. e4 c5 2. f4 d6 3. Nf3 Nc6 4. b3 a6 5. h3 e6 6. Bb2 Nf6 7. Qe2 Be7 8. g3 b5
9. d3 Bb7 10. Bg2 Qc7 11. Nbd2 O-O 12. a3 Rfe8 13. Qf2 e5 14. fxe5 Nxe5 15.
Nxe5 dxe5 16. Nf3 Bd6 17. g4 c4 18. Rc1 c3 19. Ba1 Bxa3 20. Rd1 Rad8 21. Qe2
Qc5 22. Qf2 Nxe4 23. Qxc5 Nxc5 24. Bxc3 e4 25. dxe4 Rxd1+ 26. Kxd1 Nxe4 27. Be1
Bc5 28. Kc1 g6 29. Rf1 Rd8 30. Bh1 Be3+ 31. Kb2 Rd1 32. Bg2 Bc1+ 33. Ka1 Ng5
34. Nh4 Bxg2 35. Nxg2 Nxh3 36. Rf6 Bg5+ 0-1

[Event "XXVI Weekend Open FIDE"]
[Site "Robecchetto con Induno ITA"]
[Date "2015.07.26"]
[Round "4"]
[White "Ginosa, Romano Pierluigi"]
[Black "Biava, Pierluigi"]
[WhiteElo "1622"]
[BlackElo "1588"]
[Result "1/2-1/2"]
[PlyCount "86"]
[EventDate "2015.07.24"]

1. e4 Nf6 2. e5 Nd5 3. d4 d6 4. Nf3 g6 5. c4 Nb6 6. Nc3 Bg7 7. Be3 O-O 8. exd6
exd6 9. h3 Nc6 10. Bd3 Nb4 11. Be2 Bf5 12. Rc1 h6 13. a3 Nc6 14. Qd2 Kh7 15.
O-O Na5 16. Qd1 Naxc4 17. Bxc4 Nxc4 18. Nd5 Nxe3 19. Nxe3 Be4 20. b4 f5 21. Nd2
Bd3 22. Re1 c6 23. Ndc4 Bxc4 24. Nxc4 Qf6 25. d5 cxd5 26. Qxd5 Qf7 27. Re6 Rad8
28. Nxd6 Qd7 29. Rce1 Qc6 30. Qxc6 bxc6 31. Nc4 Rc8 32. Re7 c5 33. b5 Rb8 34.
a4 Rfd8 35. Rxa7 Rd4 36. Ne5 Re8 37. Kf1 c4 38. Nc6 Rxe1+ 39. Kxe1 Rd6 40. Rc7
c3 41. Nb4 Rd4 42. Nc2 Rxa4 43. b6 Ra2 1/2-1/2

[Event "XXVI Weekend Open FIDE"]
[Site "Robecchetto con Induno ITA"]
[Date "2015.07.26"]
[Round "4"]
[White "Koureas, Panicos"]
[Black "Carbone, Lorenzo"]
[WhiteElo "1429"]
[BlackElo "1596"]
[Result "1/2-1/2"]
[PlyCount "68"]
[EventDate "2015.07.24"]

1. e4 c5 2. Nc3 Nc6 3. f4 e6 4. Nf3 d5 5. Bb5 a6 6. Bxc6+ bxc6 7. e5 Be7 8. d3
Nh6 9. O-O O-O 10. h3 a5 11. Na4 Ba6 12. b3 Nf5 13. c4 Qc7 14. Qe1 Bb7 15. Ba3
Nd4 16. Qf2 Nxf3+ 17. Qxf3 Rfd8 18. Bxc5 Bxc5+ 19. Nxc5 Qb6 20. Qf2 Qc7 21. d4
Ba6 22. f5 exf5 23. Qxf5 Bc8 24. e6 Bxe6 25. Nxe6 fxe6 26. Qxe6+ Kh8 27. Rf7
Qg3 28. Raf1 h6 29. c5 Re8 30. Qxc6 Qe3+ 31. Kh1 Qxd4 32. R7f4 Qd2 33. R4f2 Qd4
34. Rf4 Qd2 1/2-1/2

[Event "XXVI Weekend Open FIDE"]
[Site "Robecchetto con Induno ITA"]
[Date "2015.07.26"]
[Round "4"]
[White "Lo Curto, Davide"]
[Black "Nava, Mario"]
[WhiteElo "1615"]
[BlackElo "1299"]
[Result "1-0"]
[PlyCount "59"]
[EventDate "2015.07.24"]

1. d4 d5 2. c4 dxc4 3. e4 Nf6 4. e5 Nd5 5. Bxc4 Nb6 6. Bb3 e6 7. Nf3 Be7 8. Nc3
Bd7 9. O-O Bc6 10. Be3 Bxf3 11. Qxf3 Nc6 12. Rfd1 O-O 13. d5 Nxe5 14. Qe4 Bd6
15. dxe6 Qe7 16. exf7+ Nxf7 17. Qxb7 Kh8 18. Bxb6 axb6 19. Re1 Qd8 20. Rad1
Bxh2+ 21. Kf1 Nd6 22. Qc6 Rxf2+ 23. Kxf2 Qh4+ 24. Ke2 Re8+ 25. Kd2 Bf4+ 26. Kc2
Rxe1 27. Qxc7 Qf2+ 28. Kb1 Ne8 29. Qf7 Re2 30. Qg8# 1-0

[Event "XXVI Weekend Open FIDE"]
[Site "Robecchetto con Induno ITA"]
[Date "2015.07.26"]
[Round "4"]
[White "Madaschi, Sergio"]
[Black "Crestani, Sandro"]
[WhiteElo "1523"]
[BlackElo "1633"]
[Result "0-1"]
[PlyCount "116"]
[EventDate "2015.07.24"]

1. e4 d6 2. c4 g6 3. d4 Bg7 4. Nc3 Nf6 5. Nf3 O-O 6. Be2 a6 7. a4 Re8 8. O-O b6
9. Qc2 Nc6 10. Rd1 Nb4 11. Qb3 a5 12. e5 Nd7 13. Bf4 Bb7 14. Na2 Nxa2 15. Qxa2
Qc8 16. exd6 exd6 17. Be3 Nf6 18. h3 Rb8 19. Rab1 Nh5 20. Ne1 Nf4 21. Bf3 Bxf3
22. Nxf3 Qf5 23. Bxf4 Qxf4 24. b3 Re4 25. Qd2 Qxd2 26. Rxd2 Rbe8 27. Kf1 Bh6
28. Rc2 Bg7 29. Rd2 h5 30. Re1 Rxe1+ 31. Nxe1 g5 32. Nc2 f5 33. Re2 Kf7 34.
Rxe8 Kxe8 35. Ke2 Ke7 36. Kd3 c6 37. f3 Ke6 38. g4 h4 39. Ne3 fxg4 40. fxg4 Bf6
41. Ke4 Kf7 42. Nf5 Ke6 43. d5+ Kd7 44. dxc6+ Kxc6 45. Nd4+ Kc5 46. Nb5 Be7 47.
Kd3 d5 48. cxd5 Kxd5 49. Nc3+ Ke5 50. Ne2 Bc5 51. Nc3 Kf4 52. Ne4 Be7 53. Nd2
Kg3 54. Ke4 Kxh3 55. Kf5 Kg2 56. Ne4 h3 57. Nxg5 Bxg5 58. Kxg5 h2 0-1

[Event "XXVI Weekend Open FIDE"]
[Site "Robecchetto con Induno ITA"]
[Date "2015.07.26"]
[Round "4"]
[White "Marani, Luca"]
[Black "Dubois, Thomas"]
[WhiteElo "1839"]
[BlackElo "1826"]
[Result "0-1"]
[PlyCount "78"]
[EventDate "2015.07.24"]

1. e4 c6 2. Nc3 d5 3. Nf3 Bg4 4. h3 Bh5 5. g4 Bg6 6. exd5 cxd5 7. Bb5+ Nc6 8.
Ne5 Rc8 9. d4 e6 10. Bf4 Bd6 11. Qe2 Bxe5 12. Qxe5 Qf6 13. Qe3 Qe7 14. O-O-O
Nf6 15. Qg3 a6 16. Bd6 Qd7 17. Ba4 b5 18. Bb3 b4 19. Nxd5 Ne4 20. Nb6 Nxg3 21.
Nxd7 Nxh1 22. Nb6 Nxf2 23. d5 Na7 24. Ba4+ Nb5 25. Nxc8 Nxd1 26. Bxb4 Kd8 27.
Kxd1 Kxc8 28. c4 Na7 29. d6 Rd8 30. c5 Be4 31. Ba5 Bc6 32. Bxd8 Bxa4+ 33. b3
Bxb3+ 34. axb3 Kxd8 35. Kd2 Kd7 36. Kd3 Nb5 37. Kc4 Nxd6+ 38. cxd6 Kxd6 39. Kb4
f5 0-1

[Event "XXVI Weekend Open FIDE"]
[Site "Robecchetto con Induno ITA"]
[Date "2015.07.26"]
[Round "4"]
[White "Minore, Antonino"]
[Black "Marchesotti, Giovanni"]
[WhiteElo "1283"]
[BlackElo "1556"]
[Result "1/2-1/2"]
[PlyCount "48"]
[EventDate "2015.07.24"]

1. c4 f5 2. Nc3 Nf6 3. d3 e5 4. Bg5 h6 5. Bxf6 Qxf6 6. e3 Bb4 7. a3 Bxc3+ 8.
bxc3 O-O 9. g3 c6 10. Bg2 d6 11. d4 Na6 12. Ne2 Nc7 13. O-O g5 14. f4 e4 15.
fxg5 hxg5 16. Rf2 Qg6 17. Rb1 Rb8 18. Bh3 Qh6 19. Qf1 g4 20. Bg2 Ne6 21. Nf4
Nxf4 22. Rxf4 Be6 23. Kf2 Rf6 24. a4 Qg7 1/2-1/2

[Event "XXVI Weekend Open FIDE"]
[Site "Robecchetto con Induno ITA"]
[Date "2015.07.26"]
[Round "4"]
[White "Moroni, Luca"]
[Black "Gerthoffert, David"]
[WhiteElo "1821"]
[BlackElo "1710"]
[Result "1/2-1/2"]
[PlyCount "141"]
[EventDate "2015.07.24"]

1. d4 d5 2. Nf3 e6 3. Bf4 c5 4. Nc3 Nc6 5. e3 Nf6 6. Nb5 Qa5+ 7. c3 Kd7 8. Bc7
b6 9. dxc5 Bxc5 10. a3 a6 11. b4 axb5 12. bxa5 Kxc7 13. axb6+ Kxb6 14. Nd4 Nxd4
15. cxd4 Bxa3 16. Rb1 Bd7 17. Bd3 Rhc8 18. O-O b4 19. h3 Ba4 20. Qe2 Rc3 21. e4
dxe4 22. Bxe4 Bb5 23. Qe1 Rac8 24. Rd1 b3 25. f3 Bxf1 26. Kxf1 Nxe4 27. fxe4 b2
28. d5 Bb4 29. Qf2+ Ka5 30. Qxb2 Ba3 31. Qb7 Rc1 32. Qa7+ Kb4 33. Qb6+ Ka4 34.
Qd4+ Kb3 35. Qd3+ Ka2 36. Rxc1 Rxc1+ 37. Kf2 Bc5+ 38. Ke2 Kb2 39. Qb5+ Ka2 40.
dxe6 fxe6 41. Qa6+ Kb2 42. Qxe6 Rc2+ 43. Kf3 Bd4 44. Qd5 Rf2+ 45. Kg3 Kc3 46.
e5 Rf5 47. Qc6+ Kd3 48. Qb5+ Ke4 49. Qc6+ Kxe5 50. Qe8+ Kf6 51. Qd8+ Ke5 52.
Qe7+ Kd5 53. Qd7+ Ke4 54. Qc6+ Ke3 55. Qc1+ Ke4 56. Qc2+ Ke5 57. h4 Bf2+ 58.
Kh3 h5 59. Qe2+ Kf6 60. Qa6+ Ke5 61. Qb5+ Kf6 62. Qc6+ Ke5 63. Qc7+ Kf6 64.
Qd6+ Kf7 65. Qd7+ Kf6 66. Qe8 Bc5 67. Qd8+ Be7 68. Qd4+ Kf7 69. Qe4 g6 70. Qc4+
Kf6 71. Qc6+ 1/2-1/2

[Event "XXVI Weekend Open FIDE"]
[Site "Robecchetto con Induno ITA"]
[Date "2015.07.26"]
[Round "4"]
[White "Pivari, Flavio"]
[Black "Macchiettini, Pierangelo"]
[WhiteElo "1481"]
[BlackElo "1697"]
[Result "1/2-1/2"]
[PlyCount "68"]
[EventDate "2015.07.24"]

1. e4 c5 2. Nf3 d6 3. d4 cxd4 4. Nxd4 Nf6 5. Nc3 a6 6. Bg5 e6 7. f4 Nbd7 8. Qf3
Qc7 9. O-O-O b5 10. Bd3 Bb7 11. Qh3 Be7 12. Kb1 b4 13. Nd5 exd5 14. Bxf6 Bxf6
15. e5 dxe5 16. fxe5 Nxe5 17. Rhe1 Bc8 18. Qf3 O-O 19. Qg3 Qd8 20. Rxe5 Bxe5
21. Qxe5 Re8 22. Qh5 g6 23. Qf3 Qg5 24. Rf1 Ra7 25. Nc6 Rc7 26. Nxb4 Rce7 27.
a3 Re1+ 28. Rxe1 Rxe1+ 29. Ka2 a5 30. Nc6 a4 31. Bb5 Re3 32. h4 Rxf3 33. hxg5
Re3 34. Bxa4 Bd7 1/2-1/2

[Event "XXVI Weekend Open FIDE"]
[Site "Robecchetto con Induno ITA"]
[Date "2015.07.26"]
[Round "4"]
[White "Pizzolato, Roberto"]
[Black "Garcia Rubi, Juan"]
[WhiteElo "1786"]
[BlackElo "1394"]
[Result "1-0"]
[PlyCount "97"]
[EventDate "2015.07.24"]

1. e4 e5 2. Nf3 Nc6 3. d4 exd4 4. Nxd4 Bc5 5. Nxc6 bxc6 6. Bc4 d6 7. O-O h6 8.
Re1 Qf6 9. Qd2 Ne7 10. Nc3 O-O 11. e5 dxe5 12. Ne4 Qh4 13. g3 Qg4 14. h3 Qf3
15. Nxc5 Bxh3 16. Bf1 Bc8 17. Bg2 Qf6 18. Ne4 Qe6 19. b3 Ng6 20. Qe3 f6 21. Ba3
Rf7 22. Rad1 Qe8 23. Rd2 Ne7 24. Bxe7 Qxe7 25. Red1 Rf8 26. Nc5 Bf5 27. Bxc6
Rad8 28. Be4 Rxd2 29. Rxd2 Bxe4 30. Nxe4 Rd8 31. Qc5 Qe8 32. Qc4+ Kh7 33. Rxd8
Qxd8 34. Qd3 Qxd3 35. cxd3 Kg6 36. f3 Kf5 37. Kf2 Ke6 38. Nc3 c6 39. Ke3 f5 40.
d4 g5 41. Ne2 Kd5 42. Nc3+ Ke6 43. g4 exd4+ 44. Kxd4 fxg4 45. fxg4 Kd6 46. Ne4+
Ke6 47. Ng3 Kf6 48. b4 Ke6 49. a4 1-0

[Event "XXVI Weekend Open FIDE"]
[Site "Robecchetto con Induno ITA"]
[Date "2015.07.26"]
[Round "4"]
[White "Puricelli, Giancarlo"]
[Black "Foroni, Francesco"]
[WhiteElo "1683"]
[BlackElo "1836"]
[Result "0-1"]
[PlyCount "38"]
[EventDate "2015.07.24"]

1. d4 Nf6 2. c4 e5 3. e3 exd4 4. exd4 Bb4+ 5. Bd2 Bxd2+ 6. Nxd2 O-O 7. Bd3 Re8+
8. Ne2 d5 9. O-O Nc6 10. b3 Bg4 11. f3 Qe7 12. Kh1 Qe3 13. Nb1 Nb4 14. Nc1 Bh5
15. Na3 Nxd3 16. Qxd3 Bg6 17. Qd1 Rad8 18. c5 Nh5 19. Ne2 Bd3 0-1

[Event "XXVI Weekend Open FIDE"]
[Site "Robecchetto con Induno ITA"]
[Date "2015.07.26"]
[Round "4"]
[White "Rossi, Emanuele"]
[Black "Gil Ojeda, Jorge"]
[WhiteElo "1593"]
[BlackElo "1285"]
[Result "0-1"]
[PlyCount "152"]
[EventDate "2015.07.24"]

1. e4 c5 2. d4 cxd4 3. c3 dxc3 4. Nxc3 Nc6 5. Bc4 e6 6. Nf3 d6 7. O-O Nf6 8.
Bg5 Be7 9. Qe2 O-O 10. Rad1 Na5 11. e5 Ne8 12. Bxe7 Qxe7 13. Bb5 d5 14. Bd3 h6
15. h4 Nc7 16. g4 f6 17. g5 fxg5 18. hxg5 hxg5 19. Nh2 Qf7 20. Bc2 g6 21. f3
Qh7 22. Ng4 Kg7 23. Rf2 Qh4 24. Rd3 Bd7 25. Qd1 Nc4 26. Qc1 Qg3+ 27. Rg2 Qf4
28. Qb1 Nxe5 29. Nxe5 Qxe5 30. Qc1 Rf7 31. Rxg5 Rf5 32. Rxf5 exf5 33. f4 Qe6
34. Qd1 Bc6 35. Rg3 Rf8 36. Qd4+ Rf6 37. Re3 Qd6 38. Re5 a6 39. Ne2 Kf7 40. Qf2
Re6 41. Rxe6 Nxe6 42. Bb3 Qc5 43. Kf1 Qxf2+ 44. Kxf2 Nc5 45. Bc2 Bb5 46. Nd4
Nd3+ 47. Bxd3 Bxd3 48. Ke3 Be4 49. a4 Ke7 50. b4 Kd6 51. a5 Bb1 52. Nf3 Kc6 53.
Kd4 Be4 54. Ne5+ Kb5 55. Kc3 d4+ 56. Kxd4 Kxb4 57. Nxg6 Kxa5 58. Ne5 b5 59. Kc5
Ka4 60. Nd7 b4 61. Kc4 a5 62. Nc5+ Ka3 63. Na6 b3 64. Nc7 b2 65. Nb5+ Ka2 66.
Nc3+ Ka1 67. Kb3 b1=Q+ 68. Nxb1 Kxb1 69. Ka4 Kc2 70. Kxa5 Kd3 71. Kb4 Ke3 72.
Kc3 Kxf4 73. Kd2 Kg3 74. Ke1 Kg2 75. Ke2 f4 76. Ke1 f3 0-1

[Event "XXVI Weekend Open FIDE"]
[Site "Robecchetto con Induno ITA"]
[Date "2015.07.26"]
[Round "4"]
[White "Ruggiero, Paolino"]
[Black "Corbelli, Daniele"]
[WhiteElo "1505"]
[BlackElo "1412"]
[Result "0-1"]
[PlyCount "56"]
[EventDate "2015.07.24"]

1. e4 e5 2. f4 d5 3. exd5 e4 4. Bc4 Bd6 5. d4 exd3 6. Qxd3 Qe7+ 7. Ne2 Nf6 8.
O-O O-O 9. h3 c5 10. dxc6 Nxc6 11. c3 Rd8 12. Qc2 Ne4 13. b4 Bf5 14. Bd3 Rac8
15. g4 Nxb4 16. Qd1 Bc5+ 17. Nd4 Nxc3 18. Nxc3 Bxd4+ 19. Kg2 Bxc3 20. gxf5 Rxd3
21. Qg4 Bxa1 22. Ba3 Rc2+ 23. Rf2 Qe4+ 24. Kf1 Rxf2+ 25. Kxf2 Bd4+ 26. Kf1 Qh1+
27. Ke2 Re3+ 28. Kd2 Qe1# 0-1

[Event "XXVI Weekend Open FIDE"]
[Site "Robecchetto con Induno ITA"]
[Date "2015.07.26"]
[Round "4"]
[White "Santoianni, Lorenzo"]
[Black "Gil Ojeda, Lucia"]
[WhiteElo "1440"]
[BlackElo "1440"]
[Result "0-1"]
[PlyCount "98"]
[EventDate "2015.07.24"]

1. e4 c5 2. d3 Nc6 3. Be3 d6 4. Nc3 g6 5. Nf3 Bg7 6. Be2 Nf6 7. O-O O-O 8. d4
Bd7 9. Nd5 Be6 10. Bc4 a6 11. c3 b5 12. Be2 Bxd5 13. exd5 Nxd5 14. c4 Nxe3 15.
fxe3 Qb6 16. d5 Nd8 17. Rb1 Qa5 18. Qb3 Qb4 19. Qc2 e6 20. a3 Qa4 21. Qxa4 bxa4
22. e4 Rb8 23. b4 Re8 24. Rfd1 exd5 25. exd5 Rxe2 26. Re1 Rxe1+ 27. Rxe1 cxb4
28. Re3 b3 29. Nd2 Bd4 30. Kf2 Bxe3+ 31. Kxe3 b2 32. Kd4 b1=Q 33. Nxb1 Rxb1 34.
Kc3 f5 35. Kc2 Rb8 36. Kd3 f4 37. Ke2 Kf7 38. Kf3 Rb3+ 39. Kxf4 Rxa3 40. g4 Rc3
41. h4 a3 42. h5 a2 43. Kg5 a1=Q 44. Kf4 Qf1+ 45. Ke4 Rxc4+ 46. Ke3 Qh3+ 47.
Kd2 Ra4 48. Kd1 Ra2 49. Kc1 Qh1# 0-1

[Event "XXVI Weekend Open FIDE"]
[Site "Robecchetto con Induno ITA"]
[Date "2015.07.26"]
[Round "4"]
[White "Schingaro, Angelo"]
[Black "Mereghetti, Marco"]
[WhiteElo "1719"]
[BlackElo "1655"]
[Result "0-1"]
[PlyCount "46"]
[EventDate "2015.07.24"]

1. e4 e6 2. d4 d5 3. e5 c5 4. c3 Nc6 5. Nf3 Qb6 6. a3 c4 7. Nbd2 Na5 8. Be2 Nh6
9. Qc2 Be7 10. O-O Bd7 11. g3 O-O-O 12. Bd1 f6 13. Re1 Nf7 14. Qb1 Nc6 15. Bc2
fxe5 16. Nxe5 Nfxe5 17. dxe5 Bc5 18. Rf1 Rdf8 19. b4 Bxf2+ 20. Kg2 Nxe5 21. a4
Be1 22. a5 Qe3 23. Nf3 Qe2+ 0-1

[Event "XXVI Weekend Open FIDE"]
[Site "Robecchetto con Induno ITA"]
[Date "2015.07.26"]
[Round "4"]
[White "Torretta, Gilberto"]
[Black "Poletto, Daniele"]
[WhiteElo "1648"]
[BlackElo "1712"]
[Result "0-1"]
[PlyCount "47"]
[EventDate "2015.07.24"]

1. e4 c5 2. Nc3 Nc6 3. Nge2 e5 4. g3 g6 5. Bg2 Bg7 6. O-O Nge7 7. d3 O-O 8. Be3
d6 9. Qd2 Nd4 10. Rab1 Bh3 11. f4 Bxg2 12. Kxg2 f5 13. fxe5 dxe5 14. Bg5 Qd7
15. Bxe7 Qxe7 16. Nd5 Qd7 17. Ng1 fxe4 18. dxe4 Qg4 19. c3 Qxe4+ 20. Kh3 Qxd5
21. cxd4 cxd4 22. g4 Qxa2 23. Nf3 Rxf3+ 24. Rxf3 0-1

[Event "XXVI Weekend Open FIDE"]
[Site "Robecchetto con Induno ITA"]
[Date "2015.07.26"]
[Round "4"]
[White "Vignati, Andrea"]
[Black "Mantovan, Giuseppe"]
[WhiteElo "1524"]
[BlackElo "1784"]
[Result "1/2-1/2"]
[PlyCount "151"]
[EventDate "2015.07.24"]

1. e4 e6 2. d4 d5 3. exd5 exd5 4. Nc3 c6 5. Bd3 Nf6 6. Nf3 Bd6 7. O-O O-O 8.
Bg5 Bg4 9. h3 Bh5 10. Re1 Nbd7 11. g4 Bg6 12. Ne5 Qc7 13. Nxd7 Nxd7 14. Bxg6
hxg6 15. Kg2 Rfe8 16. Qf3 Nf8 17. Re3 Ne6 18. Rae1 Qd7 19. Bh4 Nxd4 20. Rxe8+
Rxe8 21. Rxe8+ Qxe8 22. Qd3 Ne6 23. Bg3 Bb4 24. a3 Ba5 25. Qe3 Bxc3 26. Qxc3
Ng5 27. Qb3 Qe4+ 28. Kf1 b5 29. Bb8 a5 30. Qc3 d4 31. Qxa5 Qd5 32. h4 Ne6 33.
Bg3 Qh1+ 34. Ke2 Qe4+ 35. Kd2 Qxg4 36. Qa8+ Kh7 37. Qxc6 Qf5 38. Qb6 Nc5 39.
Qc7 Ne4+ 40. Ke2 Qg4+ 41. Kd3 Nf6 42. Qf4 Qd1+ 43. Qd2 Qf3+ 44. Kxd4 Qe4+ 45.
Kc5 Qc4+ 46. Kb6 Nd5+ 47. Kb7 b4 48. Qd3 Qc5 49. axb4 Qb6+ 50. Ka8 Qc6+ 51. Kb8
Nxb4 52. Qc3 Na6+ 53. Ka7 Nc5 54. Qb4 Qa6+ 55. Kb8 Qc6 56. Ka7 Na4 57. c3 Nc5
58. c4 Nd3 59. Qb5 Qf6 60. c5 Qe7+ 61. Kb6 Qd8+ 62. Kc6 Qd4 63. Kb7 Nxb2 64. c6
Na4 65. c7 Nc5+ 66. Ka8 Qd5+ 67. Kb8 Nd7+ 68. Qxd7 Qxd7 69. c8=Q Qxc8+ 70. Kxc8
Kh6 71. Kd7 g5 72. Ke7 f5 73. hxg5+ Kxg5 74. f4+ Kg4 75. Ke6 g5 76. Ke5 1/2-1/2

[Event "XXVI Weekend Open FIDE"]
[Site "Robecchetto con Induno ITA"]
[Date "2015.07.26"]
[Round "5"]
[White "Barrera, Pietro"]
[Black "Rossi, Emanuele"]
[WhiteElo "1839"]
[BlackElo "1593"]
[Result "1-0"]
[PlyCount "101"]
[EventDate "2015.07.24"]

1. e4 e5 2. Nf3 Nc6 3. Bc4 Nd4 4. Nxd4 exd4 5. c3 c5 6. O-O d6 7. d3 Be7 8. Qb3
Be6 9. Bxe6 fxe6 10. Qxe6 Qd7 11. Qxd7+ Kxd7 12. cxd4 cxd4 13. Na3 Bf6 14. b3
Ne7 15. Bb2 Nc6 16. Nc2 h5 17. f4 Rae8 18. g3 g5 19. fxg5 Bxg5 20. Kg2 Rhf8 21.
Rxf8 Rxf8 22. Rf1 Rxf1 23. Kxf1 Bf6 24. h3 Ke6 25. Ke2 d5 26. exd5+ Kxd5 27. a3
a5 28. Bc1 Na7 29. g4 hxg4 30. hxg4 b5 31. Bh6 Nc6 32. g5 Be5 33. Bf8 Nd8 34.
Kf3 Ne6 35. Bh6 Bf4 36. Kg4 Be3 37. b4 a4 38. Kf5 Kd6 39. Ke4 Ke7 40. Nxe3 dxe3
41. Kxe3 Kf7 42. Ke4 Nc7 43. Ke5 Na6 44. Kd4 Kg6 45. Kc3 Nc7 46. Kd4 Na6 47.
Bf8 Kxg5 48. Bd6 Kf6 49. Kd5 Kf7 50. Kc6 Ke6 51. Kxb5 1-0